Ensamblando las voces: los actores en el texto sociológico /
Este artículo se vincula a las historias de vida, elaboradas directamente por los actores de la experiencia, es decir, la misma entrevistada/o plasma su historia, convirtiéndose en autor o coautor de los analistas, de forma que se expongan textos desde su autonomía y no solo el discurso sociológico...
Guardado en:
| 主要作者: | |
|---|---|
| 其他作者: | |
| 格式: | Texto |
| 主題: | |
| 標簽: |
添加標簽
沒有標簽, 成為第一個標記此記錄!
|
MARC
| LEADER | 00000 a a2200000 04500 | ||
|---|---|---|---|
| 001 | 40649 | ||
| 003 | |||
| 040 | |||
| 100 | |a Giarraca, Norma | ||
| 245 | |a Ensamblando las voces: |b los actores en el texto sociológico / |c Norma Giarracca ; Karina Bidaseca | ||
| 520 | 4 | |a Este artículo se vincula a las historias de vida, elaboradas directamente por los actores de la experiencia, es decir, la misma entrevistada/o plasma su historia, convirtiéndose en autor o coautor de los analistas, de forma que se expongan textos desde su autonomía y no solo el discurso sociológico sobre la experiencia de las sujetas y los sujetos.Esta metodología, aspira a ser una teoría de la traducción (de diferencias con inteligibilidad), que funcione como un aporte epistemológico para las practicas emancipatorias en donde los actores tomen el protagonismo a partir de la experiencia vivida. | |
| 590 | |a DISEMINAR122010/SJB/DICIEMBRE2010 | ||
| 650 | |a 1.SUBJETIVIDAD | ||
| 650 | |a 2.HISTORIAS DE VIDA | ||
| 650 | |a 3.ETNOGRAFIA | ||
| 650 | |a 4.METODOS DE INVESTIGACION | ||
| 650 | |a 5.METODOLOGIA | ||
| 650 | |a 6.INVESTIGACION SOCIAL | ||
| 700 | |a Bidaseca, Karina | ||
| 773 | |g páginas 35-46 | ||
| 999 | |c 38459 |d 38459 | ||
